[Event "EICC 2019"]
[Site "Skopia"]
[Date "2019.03.25"]
[Round "7.38"]
[White "Demidov, Mikhail"]
[Black "Bluebaum, Matthias"]
[Result "1/2-1/2"]
[WhiteElo "2520"]
[BlackElo "2616"]
[Annotator "TA"]
[PlyCount "79"]
[EventDate "2019.03.18"]
[EventType "swiss"]
[EventCountry "MKD"]
[SourceTitle "playchess.com"]
[Source "ChessBase"]
[SourceQuality "1"]

{[%evp 16,79,21,14,19,25,43,44,39,-35,-33,-24,-15,-26,-30,-59,-45,-46,-44,-47,-46,-46,-8,-10,-19,-18,-11,-9,-11,-19,-20,-19,0,-40,0,-44,-46,-54,-8,-187,-191,-179,-81,-118,-45,-83,-10,-10,-7,-4,-12,-8,-4,-10,0,-12,-33,-48,0,0,0,0,0,0,0,0]} 1. d4 Nf6 2. c4 e6 3. Nc3 Bb4 4. e3 O-O 5. Bd3 d5 6. Nf3 dxc4 7. Bxc4 c5 8. O-O Bd7 9. Qe2 Bc6 {E54: Nimzo-Indian: Rubinstein: Main Line: 7...dxc4 8 Bxc4} 10. Rd1 Bxc3 11. bxc3 Nbd7 {White is slightly better.} 12. Ne5 $146 (12. Bb3 $14) ({Predecessor:} 12. Bd3 Be4 13. Bxe4 Nxe4 14. Qd3 Ndf6 15. c4 Qc7 16. Bb2 Rfd8 17. h3 {½-½ (80) Tomashevsky,E (2697)-Rozum,I (2532) Loo 2014}) 12... Nxe5 $15 13. dxe5 Nd7 14. f4 Qa5 15. Bd2 b5 16. Bd3 c4 17. Bc2 Nc5 18. Be1 Be4 19. Bxe4 Nxe4 20. a4 $1 Nc5 21. axb5 Qxb5 22. Rab1 Nb3 23. Bh4 Rfe8 24. Qg4 Kh8 25. Qh5 Qb7 26. Rd6 a5 (26... Qe4 $5 {[%cal Re4b1]} 27. Re1 Qg6 $14) 27. f5 $2 (27. Rbd1 $1 $11 {and White is okay.}) 27... Qe4 $1 $19 {[%csl LRb1,LRe3,LRe5,LRf5][%mdl 64] Double Attack} 28. Rf1 Qxe5 (28... exf5 $19 29. Rd7 Rg8 30. Rxf7 Qxe3+ 31. Kh1 Qxe5) 29. Rd7 $17 {[#]} exf5 ({Not} 29... Qxc3 30. f6 $16) (29... f6 $1 $17 {aiming for ...exf5.} 30. Qg4 Qxe3+ 31. Kh1 Rg8 32. fxe6 Nc5) 30. Rxf7 $15 Rf8 ({Much worse is} 30... Qxc3 $6 {[#]} 31. Bf6 $1 $11 {[%mdl 512]}) (30... Qxe3+ $17 31. Kh1 Rg8 32. Qxf5 Qd3) 31. Bf6 $1 $11 Qxe3+ 32. Kh1 $132 {[%mdl 2048] White has counterplay} Rxf7 33. Qxf7 {[%csl Gf7][%cal Rf6g7]} Qh6 34. Be5 a4 {[%cal Ba5a4,Ba4a3][%mdl 32]} 35. Rxf5 {Qf8+! would kill now.} Rg8 $1 {Hoping for ...a3.} 36. h3 a3 (36... Qg6 $5 {[%cal Ra4a3]} 37. Rf1 Qxf7 38. Rxf7 Na5 $17) 37. Rh5 {[#]The position is equal.} Qxh5 $1 {[%mdl 512] [#]} 38. Bxg7+ $1 {[%mdl 576] Decoy} (38. Qxh5 a2) 38... Rxg7 39. Qf8+ Rg8 40. Qf6+ {Accuracy: White = 61%, Black = 44%.} 1/2-1/2

[Event "EICC 2019"]
[Site "Skopia"]
[Date "2019.03.25"]
[Round "7.39"]
[White "Flom, Gabriel"]
[Black "Oparin, Grigoriy"]
[Result "0-1"]
[WhiteElo "2457"]
[BlackElo "2613"]
[Annotator "TA"]
[PlyCount "102"]
[EventDate "2019.03.18"]
[EventType "swiss"]
[EventCountry "MKD"]
[SourceTitle "playchess.com"]
[Source "ChessBase"]
[SourceQuality "1"]

{[%evp 9,102,12,24,0,0,6,0,0,-6,0,9,-45,-46,-70,-64,-60,-32,-45,-33,-90,-90,-87,-87,-89,-87,-85,-96,-92,-94,-117,-114,-146,-149,-144,-144,-147,-144,-156,-156,-195,-133,-185,-154,-147,-131,-140,-133,-142,-89,-100,-104,-187,-194,-467,-99,-72,-75,-223,-236,-237,-237,-212,-210,-447,-470,-518,-393,-393,-387,-376,-354,-348,-341,-341,-334,-438,-419,-398,-264,-449,-389,-376,-320,-822,-767,-826,-774,-913,-909,-6079,-6079,-5065,-1761,-6410,-6062]} 1. d4 f5 2. Bf4 Nf6 3. e3 d6 (3... e6 4. Nf3 Be7 5. h3 O-O 6. c4 d6 7. Nc3 Qe8 8. Be2 Nc6 9. Bh2 Bd7 10. a3 Qg6 11. Nh4 Qh6 12. Nf3 Qg6 13. Rg1 Ne4 {1-0 (59) Sjugirov,S (2663)-Amin,B (2710) St Petersburg 2018}) 4. Nc3 e6 5. Be2 $146 ({Predecessor:} 5. h3 g6 6. g4 Bg7 7. Bc4 Qe7 8. gxf5 exf5 9. Qf3 Nc6 10. O-O-O Bd7 11. Bg5 {½-½ (67) Aczel,G (2573)-Nester,I (2353) Alba Iulia 2017}) 5... Nc6 6. Bf3 {A80: Dutch Defence: Unusual White second moves} Be7 7. Nge2 O-O 8. O-O {The position is equal.} e5 9. dxe5 Nxe5 10. Bxe5 ({Better is} 10. Bd5+ $11 Kh8 11. Bb3) 10... dxe5 $15 11. e4 f4 12. Nd5 Bd6 13. Nec3 Be6 14. Qe2 (14. Nxf6+ $15 Rxf6 15. Qe2) 14... Ne8 $1 $17 {[%cal Bf6e8,Be8d6,Bd6b5,Bb5d4][%mdl 32] Threatens to win with ...c6.} 15. Nb5 c6 16. Nxd6 Nxd6 17. Nb4 Bc4 $1 {[%cal Rc4e2]} 18. Nd3 {[#]} Nb5 $1 19. b3 Bxd3 20. cxd3 Nd4 21. Qd1 Qh4 22. Rc1 Rad8 23. Rc5 Qe7 24. b4 Rd6 (24... b6 $19 25. Rc4 g6) 25. Re1 (25. a4 $17) 25... Rh6 26. h3 Rff6 27. Kf1 Rfg6 {Hoping for ...Qe6.} 28. Rc4 Qd6 (28... Rd6 $142 29. Kg1 Rd8) 29. b5 c5 30. Ra4 {[#]} (30. Bg4 $17) 30... Qd7 $1 $19 31. Bg4 $2 (31. Rxd4 Qxd4 32. Qb3+ Kf8 33. Qa3) 31... Qxb5 $2 (31... Qxg4 $19 {and Black stays clearly on top.} 32. Qxg4 Rxg4 33. Rxd4 cxd4 34. hxg4 Rh1+ 35. Ke2 Rxe1+ 36. Kxe1 Kf7) 32. Rxa7 $17 Ra6 $40 {[%mdl 128] White is in trouble.} 33. Rxa6 (33. a4 $17 Qb4 34. Rxa6 Rxa6 35. Bd7) 33... Rxa6 $19 ({Don't play} 33... Qxa6 34. Qd2 $17) 34. Qb1 Qxb1 35. Rxb1 Rxa2 {[%mdl 4096] Endgame KRB-KRN} 36. Kg1 $2 (36. Bd1 Ra7 37. Rb6) 36... b5 37. Rc1 Rc2 38. Rxc2 Nxc2 {KB-KN} 39. Kf1 Kf7 40. Ke2 Nd4+ 41. Kd2 Ke7 42. h4 h6 43. Kc3 Kd6 44. g3 $2 (44. Bh5) 44... fxg3 45. fxg3 Kc6 46. Bh5 $2 (46. h5) 46... Kb6 {Black is clearly winning.} 47. Bg4 Ka5 48. Bd1 g6 49. h5 gxh5 50. Bxh5 Ka4 51. g4 Ka3 {Precision: White = 28%, Black = 77%.} 0-1

[Event "EICC 2019"]
[Site "Skopia"]
[Date "2019.03.25"]
[Round "7.40"]
[White "Erdos, Viktor"]
[Black "Enchev, Ivajlo"]
[Result "1-0"]
[WhiteElo "2612"]
[BlackElo "2490"]
[Annotator "TA"]
[PlyCount "81"]
[EventDate "2019.03.18"]
[EventType "swiss"]
[EventCountry "MKD"]
[SourceTitle "playchess.com"]
[Source "ChessBase"]
[SourceQuality "1"]

{[%evp 14,81,21,16,24,15,40,35,42,39,39,16,26,15,48,32,51,39,29,29,22,56,47,24,17,16,23,27,76,76,81,74,159,151,186,186,186,186,209,225,214,214,214,207,734,724,717,715,736,736,735,735,834,826,1003,976,962,899,864,833,29972,29971,6311,6279,29978,1039,818,0,29978,29978]} 1. d4 Nf6 2. c4 e6 3. Nf3 d5 4. Bg5 c6 5. Nc3 h6 6. Bxf6 Qxf6 7. e3 Nd7 8. Be2 g6 {D43: Semi-Slav: 5 Bg5 h6} (8... dxc4 9. O-O Bd6 10. Bxc4 Qe7 11. Rc1 O-O 12. Ne4 Bc7 13. Bb3 Kh8 14. Nc5 Nxc5 15. Rxc5 Rd8 16. Qc2 Bd7 17. Qe4 Bd6 18. Rc3 Rac8 19. Rfc1 Be8 20. h3 Rc7 21. a3 Rdc8 22. Bc2 g6 23. Nd2 c5 24. Bb3 {½-½ (24) Mamedyarov,S (2817)-Dubov,D (2703) St Petersburg 2018}) 9. e4 dxc4 $146 ({Predecessor:} 9... dxe4 10. Nxe4 Bb4+ 11. Kf1 Qf4 12. Qc2 Be7 13. g3 Qc7 14. h4 f5 15. Nc3 e5 16. h5 {0-1 (50) Horvath,D (2417)-Muzychuk,M (2540) Caleta 2019}) 10. e5 Qd8 {White is slightly better.} 11. Bxc4 Bg7 12. O-O O-O 13. Qe2 b6 14. Rfd1 Bb7 15. Bd3 Qb8 16. Be4 c5 17. Bxb7 Qxb7 18. dxc5 Nxc5 19. b4 {[%cal Bb2b4,Bb4b5][%mdl 32]} Nd7 20. Nb5 {Black must now prevent Rac1.} Rad8 21. Rac1 Qb8 {[%cal Rd7e5] [#]} 22. Nd6 $1 $36 {[%mdl 2048] Keeping Black busy.} a5 (22... b5 $142) 23. b5 $16 Nxe5 24. Nxe5 Rxd6 25. Nd7 {[%mdl 64] Double Attack} Rxd1+ 26. Qxd1 ({Don't take} 26. Rxd1 $6 Qc7 $16) 26... Qf4 {[#] And now ...Rd8 would win.} 27. Nxf8 Bxf8 $18 {[%mdl 4096] Endgame KQR-KQB} 28. Rc8 Qe5 $2 (28... Qf6 29. g3 Kg7) 29. h4 Kg7 30. Qd8 $1 {[%csl LRb6,LRf8]} Qe1+ 31. Kh2 Qb4 32. g3 a4 33. Qxb6 Qb2 34. Kg2 Be7 35. Qb7 Bd6 36. Qc6 {Qe8 is the strong threat.} Be5 37. Qe8 {[%csl Gc8][%cal Re8h8]} Kf6 38. Qd8+ Kf5 39. Qd3+ (39. Rc4 $142 Qe2 40. g4+ Qxg4+ 41. Rxg4 Kxg4 42. Qd3 Bb8 43. Qf3+ Kxh4 44. Qxf7) 39... Kf6 40. Qd8+ (40. h5 $18) 40... Kf5 41. Rc4 {Accuracy: White = 76%, Black = 48%.} 1-0

[Event "EICC 2019"]
[Site "Skopia"]
[Date "2019.03.25"]
[Round "7.41"]
[White "Deac, Bogdan-Daniel"]
[Black "Ivic, Velimir"]
[Result "1-0"]
[WhiteElo "2609"]
[BlackElo "2487"]
[Annotator "TA"]
[PlyCount "93"]
[EventDate "2019.03.18"]
[EventType "swiss"]
[EventCountry "MKD"]
[SourceTitle "playchess.com"]
[Source "ChessBase"]
[SourceQuality "1"]

{[%evp 9,93,35,37,32,44,36,33,42,21,3,16,6,2,9,4,0,76,14,27,18,21,12,27,27,35,35,40,29,45,58,56,41,43,37,56,21,25,21,20,19,27,16,17,13,16,13,11,8,20,21,28,8,8,8,8,8,8,8,37,9,12,4,4,4,18,18,132,131,135,129,243,237,449,449,860,854,29968,29971,29969,29973,29973,29974,29980,29981,29981,29981]} 1. Nf3 Nf6 2. c4 g6 3. Nc3 d5 4. cxd5 Nxd5 5. h4 Nxc3 6. dxc3 {A16: English Opening: 1...Nf6 with ...d5} Qxd1+ 7. Kxd1 Na6 {[%cal Bb8a6,Ba6c5,Bc5e6][%mdl 32]} 8. h5 {White is slightly better.} Bg7 9. e4 Nc5 $1 10. hxg6 hxg6 11. Rxh8+ Bxh8 12. Ng5 e5 $146 {[#]} (12... f5 $11) ({Predecessor:} 12... Bf6 13. f3 {½-½ (77) Deac,B (2572)-Ivanchuk,V (2752) Caleta 2017}) 13. Be3 ({White should play} 13. Bc4 $1 $16) 13... Ne6 14. a4 Bf6 15. Nf3 a5 16. Kc2 Bd7 17. Bb5 Bg7 18. Nd2 Bf8 19. Nc4 f6 20. Bxd7+ Kxd7 21. Rh1 Ke8 22. g3 b6 23. f4 exf4 24. gxf4 Rd8 25. Rh8 Kf7 26. Rh7+ Kg8 27. Rh3 Kf7 28. b3 Rd7 29. Rh7+ Ke8 30. Rxd7 (30. Rh2 {with more complications.} Kf7 31. Rh3 Be7 32. Rh1 Bf8 33. Rf1) 30... Kxd7 $11 {[%mdl 4096] Endgame KBN-KBN} 31. f5 gxf5 32. exf5 Nd8 33. Nd2 Nc6 34. Kd3 (34. Ne4 $5 {[%cal Re4f6]}) 34... Bd6 35. Bf2 Ne5+ 36. Ke4 Ke7 37. Bd4 Nf7 (37... Nd7 $11) 38. Nc4 $16 Bg3 {[#]} 39. b4 $1 axb4 (39... Bh4 $16 {is a better defense.} 40. bxa5 bxa5) 40. cxb4 $18 Kd7 $2 (40... b5) 41. Bxf6 b5 (41... Bh2 $142 42. a5 bxa5 43. bxa5 Kc8) 42. axb5 Be1 43. Ne5+ {White mates.} Nxe5 44. Bxe5 Bxb4 45. Kd5 Be7 46. f6 Bf8 47. Bd4 {Accuracy: White = 53%, Black = 45%.} 1-0

[Event "EICC 2019"]
[Site "Skopia"]
[Date "2019.03.25"]
[Round "7.42"]
[White "Moussard, Jules"]
[Black "Zajic, Milan"]
[Result "1/2-1/2"]
[WhiteElo "2601"]
[BlackElo "2485"]
[Annotator "TA"]
[PlyCount "206"]
[EventDate "2019.03.18"]
[EventType "swiss"]
[EventCountry "MKD"]
[SourceTitle "playchess.com"]
[Source "ChessBase"]
[SourceQuality "1"]

{[%evp 9,206,-13,-14,-15,-11,-24,-7,-22,-12,-18,-14,-15,-16,-21,-15,-18,0,-17,0,-28,-11,-29,52,52,76,84,96,91,92,80,85,81,88,77,74,83,75,82,105,98,96,105,106,87,96,52,61,0,0,12,0,0,68,25,72,62,44,0,105,113,117,110,85,61,129,36,126,66,127,127,142,33,33,27,240,17,240,240,240,176,267,267,272,240,240,240,240,240,264,264,272,240,240,240,240,240,240,240,240,202,240,240,310,240,240,240,343,343,343,343,343,343,343,343,343,343,343,343,343,343,343,343,343,343,343,343,343,0,343,0,343,343,343,343,343,343,343,0,343,343,343,343,343,258,343,258,258,240,258,258,258,240,258,258,358,358,358,358,358,358,358,358,358,358,358,358,358,344,344,344,344,344,344,344,344,344,344,344,344,344,344,344,344,0,0,0,0,0,0,0,0,0,0,0,0,0,0,0,0]} 1. Nf3 d5 2. g3 Nc6 3. Bg2 e5 4. d3 Nf6 5. a3 (5. O-O h6 6. Nbd2 Be7 7. e4 O-O 8. Re1 dxe4 9. dxe4 a5 10. a4 b6 11. c3 Ba6 12. Bf1 Bxf1 13. Kxf1 Nd7 14. Nc4 {1-0 (42) Nakamura,H (2777)-So,W (2780) chess.com INT 2018}) 5... Bd6 6. O-O {A07: Réti Opening: New York and Capablanca Systems} O-O 7. Bg5 Be6 8. Nc3 $146 ({Predecessor:} 8. Nfd2 h6 9. Bxf6 Qxf6 10. Nc3 Ne7 11. Nb5 a6 12. Nxd6 cxd6 {½-½ (32) Janosi,E (1833)-Osipov,A (2129) LSS email 2012}) 8... Be7 9. Re1 d4 10. Bxf6 Bxf6 11. Nb1 Re8 12. c3 g5 13. Nfd2 Bg7 14. b4 {[%cal Bb2b4,Bb4b5][%mdl 32]} Rb8 15. Ne4 h6 (15... f5 $11 16. Nc5 Bd5) 16. Nc5 $1 $14 Bd5 17. Bh3 $1 Ne7 18. c4 $1 {[%cal Rc4d5]} Bc6 19. b5 $1 {[%cal Rb5c6]} Qd6 20. Nb3 $1 Bd7 {[#]} 21. c5 $1 {[%cal Rc5d6]} Qd5 {[#]} 22. e4 $1 {[%cal Re4d5]} dxe3 23. Nc3 exf2+ 24. Kxf2 Bxh3 25. Nxd5 Nxd5 26. Rc1 Rbd8 27. Kg1 e4 $1 28. Qh5 Be6 29. dxe4 Nc3 30. e5 (30. Na5 {is more complex.} Rd3 31. Kf1 b6 32. Nc6 Bc4 33. Kg1) 30... Nxb5 (30... Na2 $11) 31. Re3 (31. a4 {is interesting.} Nd4 32. Nxd4 Rxd4 33. Qf3 Bd5 34. Qf2) 31... Nxa3 {Hoping for ...Nc4.} 32. Qe2 $36 {[%mdl 2048] aiming for Na5. White fights for an advantage.} a6 33. c6 bxc6 (33... b5 $11 {remains equal.}) 34. Nc5 $16 Nb5 35. Nxe6 Rxe6 36. Kh1 Rde8 (36... Nd4 $14 37. Qc4 (37. Qxa6 Rxe5 38. Ree1 Nf3 $16) 37... Nb5) 37. Rc5 (37. Qf3 $16) 37... a5 (37... Bf8 $1 $14 38. Rc1 c5) 38. Qa2 (38. Qc4 $16) 38... Rxe5 (38... Bf8 $14 39. Rc1 Bb4) 39. Rcxe5 Rxe5 40. Rf3 ({White should try} 40. Rxe5 $16 Bxe5 41. Qxa5) 40... Nd6 $14 41. Qa4 Rf5 $2 (41... Rb5 $11 {and Black has nothing to worry.}) 42. Re3 $2 ({Resist} 42. Qxc6 $6 Rxf3 43. Qa8+ (43. Qxf3 Bd4 $16) 43... Bf8) (42. Rxf5 $18 Nxf5 43. Qxc6 (43. Qxa5 Nd4 $18)) 42... Re5 $2 (42... Rb5 $11) 43. Rxe5 $18 Bxe5 44. Qxa5 Bg7 (44... Nb5 {was worth a try.} 45. Qa8+ Kg7 46. Qxc6 Nd4) 45. Qxc7 Nc4 46. Qd8+ Bf8 47. Qd4 Nd6 48. Qc5 Nc8 49. Qxc6 Ne7 50. Qe8 Ng6 51. Kg2 Kg7 52. Kf3 Be7 53. Ke4 Bf6 54. Qc8 Kh7 55. Qg4 Bg7 56. Qh5 Kg8 57. Kd5 Kh7 (57... Nf8 $142 58. h4 Ne6) 58. Kd6 Kg8 59. Kd7 Kh7 60. Ke8 Kg8 61. Qf3 Ne5 62. Qa8 Kh7 63. Ke7 Bh8 64. Qg2 Bg7 65. Ke8 Kg8 66. Qe4 Kh8 67. Qe2 Kg8 68. Qh5 Ng6 $1 69. Qf3 Ne5 70. Qd1 Kh8 71. h3 Kg8 72. Qh5 Ng6 73. Qd1 Ne5 74. Qb3 Kh8 75. Ke7 Kg8 76. Kd6 Kh7 77. Kd5 Kg8 78. Ke4 Kh7 79. Qb1 Kg8 80. Qh1 Kh7 81. h4 g4 82. Kd5 Kg8 83. Qe4 Kh8 84. Kd6 Kg8 85. Ke7 Ng6+ 86. Ke8 Ne5 87. Qa8 Kh7 88. h5 Kg8 89. Ke7+ Kh7 90. Qc8 Bh8 91. Kd6 Bg7 92. Qf5+ Kg8 93. Qc2 Kh8 94. Kd5 Kg8 95. Qf5 Kh8 96. Qxe5 $2 (96. Ke4 $18) 96... Bxe5 $11 {The position is equal.} 97. Kxe5 $18 {[%mdl 4096] Endgame K3P-KPP} Kg7 98. Kf5 Kg8 99. Kxg4 Kg7 100. Kf5 Kg8 101. Kf6 Kf8 102. g4 Kg8 $1 103. g5 hxg5 {Accuracy: White = 66%, Black = 58%.} 1/2-1/2

[Event "EICC 2019"]
[Site "Skopia"]
[Date "2019.03.25"]
[Round "7.43"]
[White "Bartel, Mateusz"]
[Black "Murzin, Volodar"]
[Result "1-0"]
[WhiteElo "2600"]
[BlackElo "2337"]
[Annotator "TA"]
[PlyCount "117"]
[EventDate "2019.03.18"]
[EventType "swiss"]
[EventCountry "MKD"]
[SourceTitle "playchess.com"]
[Source "ChessBase"]
[SourceQuality "1"]

{[%evp 10,117,24,24,34,29,18,18,14,14,23,16,50,47,48,31,33,35,36,42,39,18,30,16,21,-15,26,40,34,15,48,41,27,23,25,24,29,35,26,23,25,23,36,22,51,44,58,35,53,29,38,47,82,57,79,90,77,63,79,72,64,65,85,71,73,78,159,129,137,81,125,58,73,53,46,27,107,133,188,196,196,160,265,254,254,230,229,229,188,131,185,189,304,310,519,408,5911,4902,29968,29969,29967,29969,29968,29968,29965,29966,10472,7713,29974,29970]} 1. c4 c6 2. d4 d5 3. cxd5 cxd5 4. Nc3 Nc6 5. Nf3 e6 6. Bf4 Bd6 {D10: Slav Defence: 3 cxd5 (without early Nf3) and 3 Nc3} 7. Bxd6 Qxd6 8. e3 Nge7 {The position is equal.} 9. Bd3 Bd7 10. O-O f5 $146 ({Predecessor:} 10... O-O 11. Nb5 Qb8 12. Qd2 f6 13. Rac1 Be8 14. Nc3 Bh5 15. Be2 Qd6 16. Rfd1 {½-½ (16) Vallejo Pons,F (2711)-Kobalia,M (2628) Tallinn 2016}) 11. a3 O-O 12. b4 Rac8 13. Rc1 Be8 14. Nb5 Qb8 15. Qb3 h6 16. g3 Bh5 17. Nd2 e5 18. dxe5 Qxe5 19. Rfe1 Kh8 20. Qc3 a6 21. Nd4 Nxd4 $1 22. Qxd4 Qxd4 23. exd4 Nc6 24. Nb3 f4 25. Bf1 Bf3 26. Rc3 Be4 {Strongly threatening ...Nxd4!} 27. Rec1 Rce8 28. f3 Bg6 29. Kf2 fxg3+ 30. hxg3 Be4 31. Re1 Re7 32. Ree3 Ref7 33. Be2 g5 34. Kg2 Bh7 {[#]} 35. Bxa6 $1 {[%mdl 512]} Nxb4 $1 (35... bxa6 36. Rxc6) 36. axb4 {And now Bb5 would win.} bxa6 37. Nc5 h5 (37... Rb8 $142) 38. Ne6 Rg8 39. Rc7 (39. Re5 $142) 39... Bg6 40. Re5 ({White should play} 40. Ra3 $16) 40... g4 $14 41. Rxf7 Bxf7 $16 {[%mdl 4096] Endgame KRB-KRN} 42. Ng5 gxf3+ (42... Bg6 $1 $11 {keeps the balance.}) 43. Kxf3 Be8 {[#]} (43... Bg6 $16 44. Rxd5 Rb8) 44. Kf4 $1 $18 Bc6 45. Ne6 {[%cal Re5h5]} Rb8 (45... Rg4+ $16 46. Kf3 Be8) 46. Rxh5+ Kg8 47. Rg5+ Kh8 48. Rg7 Rxb4 49. Rc7 ({Better is} 49. Ra7 $18) 49... Bb5 (49... Ba4 $16 50. Ke5 Bb3) 50. g4 Rb1 (50... Rc4 $142) 51. Ke5 Rg1 $2 (51... Bd3 {might work better.} 52. Kxd5 Be2) 52. g5 Bc4 (52... Bd3 $142 53. Kxd5 a5) 53. Nf4 {Threatening mate with Kf6.} Rxg5+ 54. Kf6 Rg4 55. Ng6+ Rxg6+ 56. Kxg6 {[%cal Rc7c8]} Bd3+ 57. Kf6 Kg8 58. Rg7+ Kh8 59. Rg3 {Accuracy: White = 73%, Black = 35%.} 1-0

[Event "EICC 2019"]
[Site "Skopia"]
[Date "2019.03.25"]
[Round "7.44"]
[White "Van Foreest, Lucas"]
[Black "Georgiev, Kiril"]
[Result "1-0"]
[WhiteElo "2515"]
[BlackElo "2595"]
[Annotator "TA"]
[PlyCount "101"]
[EventDate "2019.03.18"]
[EventType "swiss"]
[EventCountry "MKD"]
[SourceTitle "playchess.com"]
[Source "ChessBase"]
[SourceQuality "1"]

{[%evp 19,101,35,42,41,50,32,36,27,46,27,40,44,48,22,32,22,38,22,44,16,45,13,21,0,0,0,0,0,10,0,0,0,0,8,60,26,31,0,32,15,16,0,0,0,33,0,0,0,26,22,68,48,68,71,78,54,82,27,239,231,185,120,519,513,467,330,479,479,447,402,463,456,499,458,805,798,1046,1034,1614,1521,29989,1218,2315,2212]} 1. e4 e5 2. Nf3 Nc6 3. Bc4 Bc5 4. c3 Nf6 5. d3 O-O 6. b4 Bb6 7. a4 a6 8. Bg5 d6 9. Nbd2 Qe7 10. O-O Nd8 {[%cal Bc6d8,Bd8e6,Be6f4][%mdl 32]} 11. Bh4 $146 {C54: Giuoco Piano: 4 c3 Nf6, main lines with 5 d4 and 5 d3} ({Predecessor:} 11. d4 h6 12. Bh4 exd4 13. cxd4 g5 14. Bg3 Nh5 15. e5 Nxg3 16. hxg3 dxe5 17. Qb1 Kg7 18. Re1 Nc6 19. Nxe5 Qxb4 20. Nxc6 Qxb1 21. Raxb1 bxc6 {½-½ (55) Czernek,T (1508)-Rybka,M (1622) Szczyrk 2014}) 11... Ne6 12. Bb3 Nf4 13. Nc4 {White is slightly better.} Ba7 14. Ne3 Bxe3 15. fxe3 Ng6 16. Bg3 Be6 17. Bc2 a5 18. b5 c6 19. Rb1 Nd7 20. Nd2 Rfc8 21. d4 Nf6 22. b6 d5 23. Qe2 Rd8 24. h3 dxe4 25. Nxe4 Nxe4 26. Bxe4 Bd5 ({Black should play} 26... Re8 $11) 27. Bd3 (27. Bxg6 $5 hxg6 28. Bxe5 $14) 27... Re8 28. Rbe1 f6 29. Qc2 Bf7 30. Rf2 exd4 31. cxd4 Rad8 32. Rff1 Nf8 33. Qc3 Ne6 34. Qxa5 {And now Qc3 would win.} Ra8 35. Qc3 Ng5 36. e4 {Black must now prevent a5.} Rxa4 37. d5 $1 {Threatens to win with Qc2.} Ra3 38. Qd4 (38. Qc4 $16) 38... Rd8 $2 (38... Qd7 $11 {and Black stays safe.}) 39. Bc7 $1 $18 Rd7 {[#] Black wants to play ...Ne6!} 40. d6 $1 $36 {[%mdl 2048] Keeping Black busy.} Qf8 $2 {[%mdl 8192]} (40... Qe6 $16) 41. e5 Ne6 42. Qe3 Qa8 (42... f5 $142 43. Rxf5 Qa8) 43. exf6 g6 44. Rf3 Qa5 {Hoping for ...Rxd3!} 45. Qe5 Nd4 46. Rg3 ({Weaker is} 46. Qxd4 Qxe1+ 47. Kh2 Qa1 $11) 46... Be6 (46... Qxe5 $142 47. Rxe5 Kf8) 47. Qe4 Qc5 48. Kh2 Ra8 49. Qf4 Bf7 50. Rge3 (50. Qh6 $142 Nf3+ 51. Rxf3 Bd5 52. Re7 Rxe7 53. dxe7 Kf7 54. Qg7+ Ke6 {[#]} 55. f7 $1 {[%mdl 512]}) 50... g5 51. Qg4 {Accuracy: White = 57%, Black = 38%.} 1-0

[Event "EICC 2019"]
[Site "Skopia"]
[Date "2019.03.25"]
[Round "7.45"]
[White "Antipov, Mikhail Al."]
[Black "Repka, Christopher"]
[Result "1/2-1/2"]
[WhiteElo "2594"]
[BlackElo "2466"]
[Annotator "TA"]
[PlyCount "28"]
[EventDate "2019.03.18"]
[EventType "swiss"]
[EventCountry "MKD"]
[SourceTitle "playchess.com"]
[Source "ChessBase"]
[SourceQuality "1"]

{[%evp 20,23,0,0,0,0]} 1. e4 e5 2. Nf3 Nc6 3. d4 exd4 4. Nxd4 Nf6 5. Nxc6 bxc6 6. Nd2 d5 7. exd5 {C45: Scotch Game} cxd5 8. Bb5+ Bd7 9. Bxd7+ Qxd7 10. O-O Be7 11. c4 {LiveBook: 7 Games} (11. b3 O-O 12. Bb2 Qf5 13. Nf3 Rfe8 14. Qd3 Qxd3 15. cxd3 {½-½ (30) Ivanchuk,V (2732)-Hou,Y (2649) Shenzhen 2017}) 11... O-O 12. cxd5 {Predecessor:} Qxd5 $146 13. Qc2 Bc5 14. Nc4 Rfe8 {½-½ (23) Krupenski,J (2504)-Jepson,C (2431) Sweden 2016} 1/2-1/2

[Event "EICC 2019"]
[Site "Skopia"]
[Date "2019.03.25"]
[Round "7.46"]
[White "Zlatanovic, Boroljub"]
[Black "Huschenbeth, Niclas"]
[Result "0-1"]
[WhiteElo "2376"]
[BlackElo "2594"]
[Annotator "TA"]
[PlyCount "60"]
[EventDate "2019.03.18"]
[EventType "swiss"]
[EventCountry "MKD"]
[SourceTitle "playchess.com"]
[Source "ChessBase"]
[SourceQuality "1"]

{[%evp 14,60,21,8,24,-50,-47,-24,-44,-41,-32,-40,-37,-37,0,-62,-54,-100,-93,-73,-75,-95,-106,-121,-115,-111,-130,-142,-127,-109,-118,-163,-155,-187,-188,-186,-131,-111,-128,-260,-270,-311,-310,-351,-286,-703,-674,-664,-637]} 1. c4 c5 2. Nc3 Nc6 3. g3 g6 4. Bg2 Bg7 5. a3 Nf6 6. Rb1 O-O 7. b4 cxb4 8. axb4 a6 {A36: Symmetrical English vs ...g6: 4 Bg2 Bg7} 9. Nf3 ({White should try} 9. e4 $11) 9... d5 $15 10. cxd5 Nxd5 {Black has an edge.} 11. Nxd5 Qxd5 12. Bb2 $146 ({Predecessor:} 12. d3 Bg4 13. h3 Be6 14. Bd2 Qb5 15. O-O Ba2 16. Ra1 Bd5 17. Rb1 Ba2 18. Ra1 Bd5 19. Rb1 {½-½ (19) Malakhatko,V (2542)-Aharon,O (2341) Baku 2014}) 12... Bxb2 13. Rxb2 Qb5 14. O-O (14. Qb1 $11) 14... a5 $36 {[%cal Ba6a5,Ba5a4][%mdl 2080] aiming for ...a4. Black has the initiative.} 15. Qb3 Be6 16. Qe3 a4 {...a3 is the strong threat.} ({Of course not} 16... Nxb4 17. Nd4 $11) 17. Ra1 Bb3 18. Nd4 Nxd4 19. Qxd4 Rac8 20. d3 Rc7 21. h4 Rfc8 22. Kh2 h5 23. Bh3 e6 24. Bg2 Rc1 (24... Rd7 $19 25. Qf4 Qb6) 25. Rxc1 Rxc1 26. Qd8+ (26. f4 $17 {is a better defense.}) 26... Kg7 $19 27. Qd4+ e5 28. Qd6 Be6 {[#] Hoping for ...a3.} 29. Bh3 $2 (29. d4 exd4 30. Qxd4+ Kh7 31. Qe3) 29... Qd5 30. Qxd5 Bxd5 {Accuracy: White = 33%, Black = 80%.} 0-1